Examen critique des doctrines de Gibbon, du Dr. Strauss et de M. Salvador, sur Jesús-Christ, son evangile et son eglise
Guardat en:
| Autor principal: | |
|---|---|
| Format: | Llibre |
| Idioma: | francès |
| Publicat: |
París
Charles Gosselin
1841
|
| Edició: | 2a. ed |
| Matèries: | |
| Etiquetes: |
Afegir etiqueta
Sense etiquetes, Sigues el primer a etiquetar aquest registre!
|
MARC
| LEADER | 00000cam a2200000 a 4500 | ||
|---|---|---|---|
| 001 | UCD3525 | ||
| 003 | CL-VaPUC | ||
| 008 | 160609e18410000fr |||||||||||||||||fre|d | ||
| 082 | 0 | 4 | |a 239 |b GUI |2 21 |
| 100 | 0 | |a Guillon, Marie-Nicolas-Sylvestre |e author |9 587037 | |
| 245 | 1 | 0 | |a Examen critique des doctrines de Gibbon, du Dr. Strauss et de M. Salvador, sur Jesús-Christ, son evangile et son eglise |
| 250 | |a 2a. ed | ||
| 300 | |a t | ||
| 942 | |c BK | ||
| 945 | |d 20160609 22:21:00 |a dcastane | ||
| 260 | |a París |b Charles Gosselin |c 1841 | ||
| 650 | 0 | |a Apologética |9 269349 | |
| 583 | |a last modification |c 20160609 22:21:00 |k Rodrigo Vera | ||
| 999 | |c 364561 |d 364559 | ||
| 952 | |0 0 |1 0 |3 erd |4 0 |6 239_000000000000000_GUI_1841 |7 0 |8 X |9 477924 |a BIBTEO |b BIBTEO |c TEO_FFR |h t.1 |i 523719K |o 239 GUI 1841 |p 523719K |r 2024-01-18 |w 2019-11-24 |y BK_X |z Catalogado en:20160609 |k OFM | ||
| 952 | |0 0 |1 0 |3 erd |4 0 |6 239_000000000000000_GUI_1841 |7 0 |8 X |9 477925 |a BIBTEO |b BIBTEO |c TEO_FFR |h t.2 |i 5237203 |o 239 GUI 1841 |p 5237203 |r 2024-01-18 |w 2019-11-24 |y BK_X |z Catalogado en:20160609 |k OFM | ||